[Event "Klatovy op 22nd"]
[Site "Klatovy"]
[Date "2016.07.09"]
[Round "8"]
[White "Bottema, Timo"]
[Black "Lintner, Felix"]
[Result "1/2-1/2"]
[WhiteElo "2065"]
[BlackElo "1811"]
[PlyCount "64"]
[EventDate "2016.07.02"]
[EventType "swiss"]
[EventRounds "9"]
[EventCountry "CZE"]
[SourceTitle "CBM 173 Extra"]
[Source "ChessBase"]
[SourceDate "2016.08.29"]
[SourceVersion "1"]
[SourceVersionDate "2016.08.29"]
[SourceQuality "1"]

1. e4 c5 2. Nf3 Nc6 3. Nc3 e6 4. d4 cxd4 5. Nxd4 Qb6 6. Nb3 Bb4 7. Bd2 Nf6 8. Qe2 0-0 9. a3 Be7 10. Be3 Qc7 11. g3 a6 12. f4 d6 13. Bg2 Nd7 14. 0-0 b6 15. Rad1 Bb7 16. g4 Na5 17. Nxa5 bxa5 18. g5 Rfe8 19. Rf3 f5 20. Rh3 fxe4 21. Nxe4 d5 22. Nf2 Bc5 23. Qd3 Nf8 24. f5 Bxe3 25. Rxe3 exf5 26. Bxd5+ Kh8 27. Rxe8 Rxe8 28. Qxf5 Bxd5 29. Rxd5 Ng6 30. Rd1 Rf8 31. Rd7 Qc4 32. Qd5 Qxc2 1/2-1/2

[Event "Klatovy op 22nd"]
[Site "Klatovy"]
[Date "2016.07.05"]
[Round "4"]
[White "Lintner, Felix"]
[Black "Novak, Jaromir"]
[Result "1-0"]
[WhiteElo "1811"]
[BlackElo "1904"]
[PlyCount "119"]
[EventDate "2016.07.02"]
[EventType "swiss"]
[EventRounds "9"]
[EventCountry "CZE"]
[SourceTitle "CBM 173 Extra"]
[Source "ChessBase"]
[SourceDate "2016.08.29"]
[SourceVersion "1"]
[SourceVersionDate "2016.08.29"]
[SourceQuality "1"]

1. e4 e6 2. d4 d5 3. Nd2 dxe4 4. Nxe4 Be7 5. Nf3 Nf6 6. Ng3 Nbd7 7. Bd3 b6 8. 0-0 Bb7 9. Re1 0-0 10. Qe2 Re8 11. Bd2 c5 12. c3 Qc7 13. Ne5 Nxe5 14. dxe5 Nd7 15. Bf4 Nf8 16. Nf1 Red8 17. Nd2 Rd7 18. Nc4 Qc6 19. f3 Rad8 20. Nd6 Bxd6 21. Bb5 Qc7 22. exd6 Qb8 23. Bxd7 Rxd7 24. Red1 f6 25. Qd3 Qc8 26. c4 Qc6 27. a3 Ba6 28. Rac1 Bb7 29. b4 Kf7 30. bxc5 Qxc5+ 31. Be3 Qc6 32. c5 b5 33. Qc3 g5 34. Rd2 h5 35. Qb4 a6 36. Rb1 Qc8 37. a4 Bc6 38. axb5 Bxb5 39. Rc1 Qc6 40. Qa5 Ke8 41. Qb6 Rb7 42. Qxc6+ Bxc6 43. Ra2 Kd7 44. Rxa6 e5 45. Ra8 Ne6 46. Rh8 h4 47. Rh7+ Kc8 48. Rh8+ Nd8 49. Ra1 Rd7 50. Rf8 Rf7 51. Rg8 Rd7 52. Ra6 Bd5 53. Rh8 Kb7 54. Rb6+ Kc8 55. Rf8 Rf7 56. Rh8 Rd7 57. Bd2 Ba8 58. Bb4 Rb7 59. Rxb7 Bxb7 60. Ba5 1-0

[Event "Klatovy op 22nd"]
[Site "Klatovy"]
[Date "2016.07.03"]
[Round "2"]
[White "Zakoucka, Adela"]
[Black "Lintner, Felix"]
[Result "1-0"]
[WhiteElo "1969"]
[BlackElo "1811"]
[PlyCount "67"]
[EventDate "2016.07.02"]
[EventType "swiss"]
[EventRounds "9"]
[EventCountry "CZE"]
[SourceTitle "CBM 173 Extra"]
[Source "ChessBase"]
[SourceDate "2016.08.29"]
[SourceVersion "1"]
[SourceVersionDate "2016.08.29"]
[SourceQuality "1"]

1. e4 c5 2. Nc3 g6 3. f4 Bg7 4. Nf3 Nc6 5. Bb5 e6 6. Bxc6 bxc6 7. d3 Rb8 8. 0-0 Ne7 9. Qe1 0-0 10. Na4 d6 11. Rb1 Ba6 12. b3 c4 13. dxc4 Bxc4 14. Rf2 Ba6 15. Ba3 Qc7 16. Rd1 Rfd8 17. Bb4 Nc8 18. Ba5 Nb6 19. c4 c5 20. Rfd2 Bb7 21. Qh4 h6 22. Nc3 Bc6 23. e5 Bxf3 24. gxf3 g5 25. fxg5 Bxe5 26. Rg2 hxg5 27. Rxg5+ Kf8 28. Ne4 Ke8 29. f4 Bd4+ 30. Rxd4 cxd4 31. Nf6+ Ke7 32. Rg7 Rh8 33. Nd5+ Kd7 34. Rxf7+ 1-0

[Event "Brno op 4th"]
[Site "Brno"]
[Date "2013.11.19"]
[Round "5"]
[White "Stary, Vladimir"]
[Black "Lintner, Felix"]
[Result "1/2-1/2"]
[WhiteElo "1794"]
[BlackElo "1943"]
[PlyCount "149"]
[EventDate "2013.11.16"]
[EventType "swiss"]
[EventRounds "9"]
[EventCountry "CZE"]
[SourceTitle "CBM 157 Extra"]
[Source "ChessBase"]
[SourceDate "2013.12.19"]
[SourceVersion "1"]
[SourceVersionDate "2013.12.19"]
[SourceQuality "1"]

1. e4 c5 2. Nf3 Nc6 3. Bb5 Qb6 4. Nc3 e6 5. 0-0 Nd4 6. Bc4 Ne7 7. Re1 a6 8. a4 g6 9. d3 Bg7 10. e5 0-0 11. a5 Qc7 12. Bg5 Nxf3+ 13. Qxf3 Nc6 14. Bf6 d5 15. exd6 Qxd6 16. Bxg7 Kxg7 17. Ne4 Qc7 18. Qf6+ Kg8 19. Ng3 Qd8 20. Qf4 Kg7 21. Ne4 e5 22. Qe3 Nxa5 23. Qxc5 Nxc4 24. Qxc4 Be6 25. Qc3 f6 26. Nc5 Bd5 27. Ne4 Rc8 28. Qd2 Qb6 29. c3 Rfd8 30. Re3 Qc6 31. Qe2 b5 32. f3 Rd7 33. Rd1 f5 34. Nf2 Bb3 35. Rd2 e4 36. fxe4 fxe4 37. Rxe4 Rf7 38. Ng4 Rcf8 39. Qe1 Qb6+ 40. Rd4 Rf5 41. Rf2 Rxf2 42. Nxf2 Qe6 43. Re4 Qb6 44. d4 Qf6 45. Ng4 Qf5 46. Re7+ Rf7 47. Rxf7+ Bxf7 48. Qe5+ Qxe5 49. Nxe5 Bd5 50. Kf2 Kf6 51. g3 Kf5 52. Ke3 h5 53. b4 Kg5 54. h3 Kf5 55. Nd3 g5 56. Nc5 Bg2 57. Nxa6 Bxh3 58. Nc7 Bf1 59. Nd5 Bc4 60. Nb6 Bf1 61. Nd7 h4 62. gxh4 gxh4 63. Kf2 Bc4 64. Kg1 Ke4 65. Ne5 Be6 66. Kh2 Ke3 67. Ng6 h3 68. Kg3 Kd2 69. Nf4 Bd7 70. Nxh3 Kxc3 71. d5 Kxb4 72. Nf4 Kc5 73. Kf3 Kd4 74. Ne2+ Kxd5 75. Nc3+ 1/2-1/2

[Event "Regionalliga SW 9798"]
[Site "Bayern"]
[Date "1998.??.??"]
[Round "?.8"]
[White "Tuerschmann, Steffen"]
[Black "Lintner, Felix"]
[Result "1/2-1/2"]
[WhiteElo "1900"]
[BlackElo "1765"]
[PlyCount "38"]
[EventDate "1997.10.??"]
[EventType "team-tourn"]
[EventRounds "9"]
[EventCountry "GER"]
[SourceTitle "EXT 2020"]
[Source "ChessBase"]
[SourceDate "2019.10.17"]
[SourceVersion "1"]
[SourceVersionDate "2019.10.17"]
[SourceQuality "1"]
[WhiteTeam "Augsburg SG 1873"]
[BlackTeam "Muenchen 36 II"]
[WhiteTeamCountry "GER"]
[BlackTeamCountry "GER"]

1. e4 d5 2. exd5 Qxd5 3. Nc3 Qa5 4. Nf3 Nf6 5. Be2 Bf5 6. 0-0 e6 7. Nd4 Bg6 8. Bf3 c6 9. d3 Bd6 10. Re1 0-0 11. h3 Nbd7 12. Be3 Rfd8 13. Qe2 Nd5 14. Nxd5 cxd5 15. Nb3 Qc7 16. c3 h6 17. Qd2 Rac8 18. Nd4 a6 19. Be2 Ne5 1/2-1/2